00745nam a2200205 i 4500001000700000003000700007005001700014008004100031020001800072080002100090080001700111100002700128245016500155260003200320300003700352500001500389600002700404650004000431852006800471185522SpMaBN20230906222445.0160628s2002 sp ac |||| |bspa d a84-7901-812-7 a929 Shapiro, Dan a616-006.6-051 aShapiro, Dan (d1966-)13aLa marihuana de mamá b: cómo sobreviví al cáncer con amor, tenacidad y algo más-- / cDan Shapiro ; [traducción, Carles Andreu y Librada Piñero]. aBarcelona : bRBA, c[2002] a251 p. : bil., retr. ; c24 cm. a"Integral"17aShapiro, Dan (d1966-) 7aCáncer-xAspectos psicológicos. aES-MaACLjL-30426 z- enc. cart. z. - Donat. Miguel A. Velasco